000 00652nas a2200169 a 4500
005 20241105105128.0
007 ta
008 241022e2008 dr |||||r||||||0| | spa d
040 _aDO-SdBNP
_cBNPHU
_erda
041 _hspa
245 _aFormación :
_brevista de opinión, promoción institucional y cultural.
260 _aSanto Domingo, República Dominicana :
_bEditora Formación,
_c2008.
300 _avolumen :
_bilustraciones, fotografías ;
_c26 cm.
651 0 _aRepública Domincana
_986749
_xAspectos sociales
_vPublicaciones seriadas
651 0 _aRepública Domincana
_986749
_xAspectos políticos
_vPublicaciones seriadas
942 _2ddc
_cISSUE
999 _c57930
_d57930